| 000 | 00709cam a22002413a 4500 | ||
|---|---|---|---|
| 001 | 12743 | ||
| 003 | PGUSA | ||
| 005 | 20140828083256.0 | ||
| 008 | 040625s2004||||xxu|||||s|||||000 d eng d | ||
| 040 |
_aPGUSA _beng |
||
| 042 | _adc | ||
| 050 | 4 | _aPN | |
| 100 | 1 |
_aBennett, Arnold, _d1867-1931 |
|
| 245 | 1 | 4 |
_aThe Author's Craft _h[electronic resource] / _cArnold Bennett |
| 260 |
_bProject Gutenberg, _c2004 |
||
| 505 | 0 | _aSeeing Life -- Writing Novels -- Writing Plays -- The Artist and the Public. | |
| 506 | _aPublic domain in the USA. | ||
| 516 | _aElectronic text | ||
| 653 | _aAuthorship | ||
| 830 | 0 |
_aProject Gutenberg _v12743 |
|
| 856 | 4 | 0 | _uhttp://www.gutenberg.org/ebooks/12743 |
| 942 | _cEB | ||
| 999 |
_c241998 _d241998 |
||